| 000 | 00585nam a22001817a 4500 | ||
|---|---|---|---|
| 005 | 20260421150054.0 | ||
| 008 | 260421b |||||||| |||| 00| 0 eng d | ||
| 020 | _a978-81-203-5088-5 | ||
| 050 | _aQA 604.7 .A37 2025 | ||
| 100 | _aAHSAN,ZAFAR | ||
| 245 | _aTENSORS MATHEMATICS OF DIFFERENTIAL GEOMETRY AND RELATIVITY | ||
| 250 | _aEASTERN ECONOMY EDITION | ||
| 260 |
_aDELHI _bPHI LEARNING PRIVATE LIMITED _c2025 |
||
| 300 | _avii.232p. ill | ||
| 500 | _aINCLUDES BIBLIOGRAPHICAL REFERENCES AND INDEX | ||
| 650 | _a1. TENSOR ANALYSIS 2.DIFFERENTIAL GEOMETRY | ||
| 942 |
_2lcc _cBK |
||
| 999 |
_c217041 _d217041 |
||